Der Erfullende Job : Ratschlage Fur ein Erfulltes Berufsleben /

Bibliographic Details
Main Authors: De Lutis, Virginie, (Author), Lobeck, Sarah Mareike, (Author)
Format: eBook
Language:German
Published: [Place of publication not identified] : 50Minuten.de, [2019]
Subjects:
Online Access:Click to View
LEADER 01367nam a2200349 i 4500
001 EBC6138779
003 MiAaPQ
005 20220521113557.0
006 m o d |
007 cr cnu||||||||
008 220521s2019 xx o 000 0 ger d
020 |a 9782808021500  |q (electronic bk.) 
035 |a (MiAaPQ)EBC6138779 
035 |a (Au-PeEL)EBL6138779 
035 |a (OCoLC)1147304849 
040 |a MiAaPQ  |b eng  |e rda  |e pn  |c MiAaPQ  |d MiAaPQ 
050 4 |a HF5381  |b .D4 2019 
082 0 |a 331.702  |2 23 
100 1 |a De Lutis, Virginie,  |e author. 
245 1 4 |a Der Erfullende Job :  |b Ratschlage Fur ein Erfulltes Berufsleben /  |c Virginie De Lutis, Sarah Mareike Lobeck. 
264 1 |a [Place of publication not identified] :  |b 50Minuten.de,  |c [2019] 
300 |a 1 online resource (70 pages) 
336 |a text  |b txt  |2 rdacontent 
337 |a computer  |b c  |2 rdamedia 
338 |a online resource  |b cr  |2 rdacarrier 
588 |a Description based on print version record. 
590 |a Electronic reproduction. Ann Arbor, MI : ProQuest, 2018. Available via World Wide Web. Access may be limited to ProQuest affiliated libraries. 
650 0 |a Vocational guidance. 
655 4 |a Electronic books. 
700 1 |a Lobeck, Sarah Mareike,  |e author. 
797 2 |a ProQuest (Firm) 
856 4 0 |u https://ebookcentral.proquest.com/lib/matrademy/detail.action?docID=6138779  |z Click to View